000 00614nam a22001577a 4500
999 _c19016
_d19016
008 210708b xxu||||| |||| 00| 0 eng d
020 _a3319029603
050 _aTK7882
_b.B56 2013 c.1
245 _aBiometric Recognition
_b8th Chinese Conference, CCBR 2013 Jinan, China, November 2013 proceedings
_cEdited by Zhenan Sun, Shiguang Shan, Gongping Yang, Jie Zhou, Yunhong Wang and Yilong Yin
260 _aChina
_bSpringer
_c2013
300 _axv, 469p.
650 _aBiometric identification
_vCongresses
650 _aPattern recognition
_vCongresses
650 _aComputer security
_vCongresses
942 _2lcc
_cBK